000 00340nam a2200133Ia 4500
008 240624s9999 xx 000 0 und d
041 _aeng
082 _a657.45 PHE
100 _aPHELPS MAURICE A
245 _aPEOPLE POLICIES AUDIT
260 _aUK
_bCambridge Strategy Publications Ltd
300 _a70 : p. : cm. ; 29
365 _cRS
_b50
999 _c28487
_d28487